Herefordshire.

Bibliographic Details
Main Author: Fletcher, Harry Lutf Verne, 1902-
Format: Book
Language:English
Published: London : R. Hale, [1948]
Series:County books series.
Subjects:

MARC

Tag First Indicator Second Indicator Subfields
LEADER 00000cam a2200000 4500
001 in00000704321
005 20151016051405.0
008 740619s1948 enkbf b 00000 eng u
010 |a  49017706  
035 |a (OCoLC)00924037 
035 |9 ADB1204AM 
040 |c OTC  |d TXA  |d UtOrBLW 
049 |a TXAM  |c [194552] 
050 0 |a DA670.H4  |b F6 
082 0 |a 914.244 
092 |a 914.244  |b F612h 
100 1 |a Fletcher, Harry Lutf Verne,  |d 1902- 
245 1 0 |a Herefordshire. 
264 1 |a London :  |b R. Hale,  |c [1948] 
300 |a x, 243 pages :  |b plates, folded map. ;  |c 23 cm. 
336 |a text  |b txt  |2 rdacontent 
337 |a unmediated  |b n  |2 rdamedia 
338 |a volume  |b nc  |2 rdacarrier 
490 1 |a The County books series 
504 |a Bibliography: page 237. 
651 0 |a Herefordshire (England)  |x Description and travel. 
651 0 |a Herefordshire (England)  |x History. 
830 0 |a County books series. 
999 |a MARS 
999 f f |s 1d379da0-1518-3dbc-b962-14b2bacdf4d2  |i 370fdf32-4a92-3fb4-b9e1-e8422dad3b1f  |t 0 
952 f f |p ric  |a Texas A&M University  |b Rellis Campus  |c Joint Library Facility  |d Remote Storage  |t 0  |e DA670 H4 F6  |h Library of Congress classification  |i unmediated -- volume  |m A14801414479 
998 f f |a DA670 H4 F6  |t 0  |l Remote Storage